| Tag |
First Indicator |
Second Indicator |
Subfields |
| LEADER |
00000cam a2200000 a 4500 |
| 001 |
in00002782518 |
| 005 |
20151202172042.0 |
| 006 |
m d f |
| 007 |
cr bn||||||||| |
| 008 |
111126s1999 dcu o f000 0 eng c |
| 035 |
|
|
|a (OCoLC)ocn763101240
|
| 040 |
|
|
|a OCLCE
|b eng
|c OCLCE
|d GPO
|d MvI
|d UtOrBLW
|
| 042 |
|
|
|a pcc
|
| 043 |
|
|
|a n-us---
|a e-bn---
|
| 049 |
|
|
|a WWW
|
| 074 |
|
|
|a 1008-I (online)
|
| 086 |
0 |
|
|a Y 1.1/8:106-118
|
| 110 |
1 |
|
|a United States.
|b Congress.
|b House.
|b Committee on Rules.
|
| 245 |
1 |
0 |
|a Providing for consideration of the bill (H.R. 1569) to prohibit the use of funds appropriated to the Department of Defense from being used for the deployment of ground elements of the United States Armed Forces in the Federal Republic of Yugoslavia ... :
|b report (to accompany H. Res. 151).
|
| 264 |
|
1 |
|a [Washington, D.C.] :
|b [U.S. G.P.O.],
|c [1999]
|
| 300 |
|
|
|a 1 online resource (3 pages).
|
| 336 |
|
|
|a text
|b txt
|2 rdacontent
|
| 337 |
|
|
|a computer
|b c
|2 rdamedia
|
| 338 |
|
|
|a online resource
|b cr
|2 rdacarrier
|
| 490 |
1 |
|
|a Report / 106th Congress, 1st session, House of Representatives ;
|v 106-118
|
| 500 |
|
|
|a Title from title screen (viewed on Oct. 31, 2012).
|
| 500 |
|
|
|a "April 27, 1999."
|
| 500 |
|
|
|a Electronic resource.
|
| 650 |
|
0 |
|a War, Declaration of
|z United States.
|
| 651 |
|
0 |
|a Yugoslavia
|x Politics and government
|y 1992-2003.
|
| 651 |
|
0 |
|a United States
|x Armed Forces
|z Yugoslavia.
|
| 651 |
|
0 |
|a United States
|x Foreign relations
|z Yugoslavia.
|
| 651 |
|
0 |
|a Yugoslavia
|x Foreign relations
|z United States.
|
| 776 |
0 |
8 |
|i Print version:
|a United States. Congress. House. Committee on Rules.
|t Providing for consideration of the bill (H.R. 1569) to prohibit the use of funds appropriated to the Department of Defense from being used for the deployment of ground elements of the United States Armed Forces in the Federal Republic of Yugoslavia ...
|w (OCoLC)41566003
|
| 810 |
1 |
|
|a United States.
|b Congress.
|b House.
|t Report ;
|v 106-118.
|
| 856 |
4 |
0 |
|3 Text version:
|u http://purl.fdlp.gov/GPO/gpo30626
|t 0
|
| 856 |
4 |
0 |
|3 PDF version:
|u http://purl.fdlp.gov/GPO/gpo30627
|t 0
|
| 999 |
|
|
|a MARS
|
| 999 |
f |
f |
|s db0ffdc4-2a40-3821-b231-f8ccbbd762f2
|i c3c925a2-e5af-38df-8f20-5175c6e6d1d4
|t 0
|
| 952 |
f |
f |
|a Texas A&M University
|b College Station
|c Electronic Resources
|d Available Online
|t 0
|e Y 1.1/8:106-118
|h Superintendent of Documents classification
|
| 998 |
f |
f |
|a Y 1.1/8:106-118
|t 0
|l Available Online
|